[Event "HCL-B271"]
[Site "www.playchess.de"]
[Date "2001.04.04"]
[Round "6"]
[White "Outeralert"]
[Black "Daniel_Macintyre"]
[WhiteElo "1500"]
[BlackElo "1200"]
[PlyCount "59"]
[Result "1-0"]

1.Nf3 Nf6 2.g3 d5 3.Bg2 Nc6 4.O-O e5 5.d3 Bc5 
6.Nbd2 O-O 7.Re1 Ng4 8.e3 Nf6 9.a3 Bg4 10.e4 dxe4 
11.Nxe4 Nxe4 12.Rxe4 f5 13.Bg5 Qd6 14.Re1 Nd4 
15.b4 Nxf3+ 16.Bxf3 Bd4 17.Rb1 c6 18.Be3 Bc3 
19.Rf1 Bh3 20.Bc5 Qh6 21.Bxf8 Bxf1 22.Bxg7 Qxg7 
23.Qxf1 Rf8 24.Qe2 f4 25.Qe4 fxg3 26.fxg3 Rf4 
27.Qe2 Rh4 28.Kg2 Rh6 29.Qe4 Qd7 
30.Qc4+ 1-0

[Event "ACL-A139"]
[Site "www.playchess.de"]
[Date "2001.04.04"]
[Round "6"]
[White "plobi"]
[Black "christa"]
[WhiteElo "1465"]
[BlackElo "1500"]
[PlyCount "21"]
[Result "1-0"]

1.c4 c5 2.Nc3 d6 3.Nf3 Nf6 4.d4 cxd4 5.Nxd4 Na6 
6.g3 g6 7.Bg2 Qb6 {what about a remis??}  8.e3 
{no! sorry, no way!}  Bg4 {no prob., I just tried 
...}  9.Qa4+ Qc6 10.Bxc6+ {what was that???}  bxc6 
{oh dear ...}  11.Nxc6 1-0

[Event "HCL-B275"]
[Site "www.playchess.de"]
[Date "2001.04.04"]
[Round "21"]
[White "ericlep2"]
[Black "Grom"]
[WhiteElo "1200"]
[BlackElo "1200"]
[PlyCount "75"]
[Result "1-0"]

1.d4 g6 2.c4 Bg7 3.Nc3 Nf6 4.e4 d6 5.f4 c5 6.d5 
O-O 7.Nf3 Ne8 8.Be2 e6 9.O-O e5 10.fxe5 dxe5 
11.Be3 b6 12.Qd2 Nd6 13.Bh6 Bg4 14.Bxg7 Kxg7 
15.Nxe5 Bxe2 16.Qxe2 f6 17.Nd3 Kg8 18.b3 Qe7 19.e5 
fxe5 20.Rxf8+ Kxf8 21.Rf1+ Kg7 22.Qxe5+ Qxe5 
23.Nxe5 Na6 24.Nd3 Re8 25.Re1 Nc7 26.Rxe8 Ncxe8 
27.Kf2 Kf6 28.g4 h5 29.gxh5 gxh5 30.Kf3 Kf5 31.a4 
a5 32.Nb5 Nxb5 33.axb5 Nd6 34.Nb2 Ne4 35.Na4 Nd2+ 
36.Ke3 Nxb3 37.Nxb6 Nd4 38.Na4 1-0

[Event "ACL-A140"]
[Site "www.playchess.de"]
[Date "2001.04.04"]
[Round "3"]
[White "jefersonmello"]
[Black "hercos"]
[WhiteElo "1197"]
[BlackElo "1500"]
[PlyCount "52"]
[Result "0-1"]

1.e4 c5 2.Nf3 d6 3.Bc4 e6 4.d4 cxd4 5.Nxd4 Nf6 
6.Nc3 Be7 7.O-O O-O 8.Bg5 a6 9.Re1 Nbd7 10.Nf3 b5 
11.Bb3 Bb7 12.Re2 b4 13.Nb1 Bxe4 14.Nfd2 Bg6 15.f3 
d5 16.Nf1 a5 17.c3 a4 18.Bxa4 Nc5 19.Bc2 Bxc2 
20.Qxc2 b3 21.Qc1 Rxa2 22.Rxa2 bxa2 23.Nbd2 Qa5 
24.Re1 Nd3 25.Nb3 Nxc1 26.Nxa5 a1Q {%} 
 0-1

[Event "HCL-B273"]
[Site "www.playchess.de"]
[Date "2001.04.04"]
[Round "21"]
[White "lebesgue"]
[Black "jefersonmello"]
[WhiteElo "1551"]
[BlackElo "1269"]
[PlyCount "41"]
[Result "1-0"]

1.d4 d5 2.Nf3 Nc6 3.Bf4 e6 4.e3 Nf6 5.c4 Nh5 6.Bg5 
f6 7.Bh4 g5 8.Nxg5 Ng7 9.Nf3 Bb4+ 10.Nc3 Bxc3+ 
11.bxc3 Nf5 12.cxd5 exd5 13.Bb5 Bd7 14.Bxc6 Bxc6 
15.Ne5 Nxh4 16.Qh5+ Ke7 17.Qxh4 Ke8 18.Qh5+ Ke7 
19.Qf7+ Kd6 20.c4 fxe5 21.c5+ 1-0

[Event "HCL-A126"]
[Site "www.playchess.de"]
[Date "2001.04.04"]
[Round "8"]
[White "Rparkes"]
[Black "janus"]
[WhiteElo "1664"]
[BlackElo "1911"]
[PlyCount "44"]
[Result "0-1"]

1.d4 Nf6 {Good luck for you and a thrilling game 
for us !!}  2.c4 g6 3.Nc3 Bg7 4.e4 d6 5.Nf3 O-O 
6.Be2 e5 7.dxe5 dxe5 8.Bg5 Nbd7 9.Qd2 Nc5 10.Qc2 
c6 11.O-O Ne6 12.Rad1 Qc7 13.Bh4 Nh5 14.b4 Nhf4 
15.a4 a5 16.b5 Nd4 17.Qb2 f5 18.exf5 Nfxe2+ 
19.Nxe2 Nxf3+ 20.gxf3 Bxf5 21.b6 Qf7 22.c5 
Bh3 0-1

[Event "HCL-C276"]
[Site "www.playchess.de"]
[Date "2001.04.04"]
[Round "1"]
[White "Lukas"]
[Black "Natacuin"]
[WhiteElo "542"]
[BlackElo "1526"]
[PlyCount "117"]
[Result "1-0"]

1.e4 e5 2.Nf3 Nc6 3.Bb5 a6 4.Bxc6 bxc6 5.O-O d6 
6.d4 Bg4 7.dxe5 dxe5 8.Qxd8+ Rxd8 9.Nxe5 Bd7 
10.Rd1 Bd6 11.Nxd7 Rxd7 12.Nc3 Nf6 13.Bg5 Ng4 
14.h3 Ne5 15.b3 f6 16.Bh4 Ke7 17.f4 Ng6 18.Bg3 
Rhd8 19.e5 Bb4 20.Rxd7+ Rxd7 21.Ne2 Bc5+ 22.Kf1 
fxe5 23.f5 Nf8 24.Bxe5 g6 25.f6+ Ke6 26.Bb2 Rd5 
27.Nf4+ Kf5 28.Nxd5 cxd5 29.g4+ Ke6 30.Re1+ Kf7 
31.Kg2 Nd7 32.g5 Bd6 33.Kf3 Nc5 34.Kg4 Ne4 35.h4 
c6 36.h5 Nf2+ 37.Kh4 Ne4 38.hxg6+ hxg6 39.Kg4 Nf2+ 
40.Kf3 Ne4 41.Rxe4 dxe4+ 42.Kxe4 Ke6 43.c4 Bc5 
44.Bd4 Ba3 45.c5 Bc1 46.Be3 Bb2 47.Kd3 Be5 48.Kc4 
Kf5 49.Kb4 Bc7 50.a4 a5+ 51.Kc4 Bd8 52.b4 axb4 
53.Kxb4 Ke6 54.a5 Bc7 55.a6 Bb8 56.Bf4 Ba7 {We go, 
your game is better, but not enough}  57.Bc7 Kf7 
58.Ka5 Ke6 59.Bb6 1-0

[Event "ACL-A153"]
[Site "www.playchess.de"]
[Date "2001.04.04"]
[Round "10"]
[White "Dubious_Logic"]
[Black "THEGREENMILE"]
[WhiteElo "1500"]
[BlackElo "1391"]
[PlyCount "25"]
[Result "1-0"]

1.c4 {my best wishes on an enjoyable game and 
match!}  Nf6 {thx the same to u good lúck}  2.Nc3 
g6 3.g3 d6 4.Bg2 {thanx - u too!!}  Bg7 5.Nf3 O-O 
6.O-O c5 7.d4 Nbd7 8.b3 cxd4 9.Nxd4 Rb8 10.Qd2 Qb6 
11.Na4 Qd8 12.Ba3 b6 13.Nc6 1-0

[Event "HCL-A124"]
[Site "www.playchess.de"]
[Date "2001.04.04"]
[Round "6"]
[White "LUPES"]
[Black "myosotis1984"]
[WhiteElo "1797"]
[BlackElo "1700"]
[PlyCount "31"]
[Result "1-0"]

1.e4 {good luck!}  e5 2.Bc4 Nf6 3.Nc3 Bc5 4.Nf3 
Nc6 5.d3 O-O 6.Bg5 h6 7.Bxf6 Qxf6 8.Nd5 Qd8 9.c3 
a6 10.d4 Bd6 11.O-O f5 12.Nxc7+ Kh8 13.Nxa8 fxe4 
14.dxe5 Be7 15.Nd4 Nxe5 16.Bd5 1-0

[Event "HCL-A124"]
[Site "www.playchess.de"]
[Date "2001.04.04"]
[Round "28"]
[White "Gruhni"]
[Black "Whatever"]
[WhiteElo "1302"]
[BlackElo "1563"]
[PlyCount "28"]
[Result "1/2-1/2"]

1.e4 c5 {Have a good game.}  2.Nf3 {You too!}  Nc6 
3.c3 g6 4.d4 cxd4 5.cxd4 d5 6.e5 Bg4 7.Be3 e6 
8.Be2 Bb4+ 9.Nbd2 Bxf3 10.Bxf3 Qa5 11.a3 Bxd2+ 
12.Qxd2 Qxd2+ 13.Kxd2 Nge7 14.Be2 
Kd7 1/2-1/2

[Event "HCL-B102"]
[Site "www.playchess.de"]
[Date "2001.04.04"]
[Round "1"]
[White "Schwachspieler"]
[Black "dmitry"]
[WhiteElo "1200"]
[BlackElo "1347"]
[PlyCount "58"]
[Result "0-1"]

1.d4 Nf6 2.c4 e6 3.Nc3 Bb4 4.e3 c5 5.Nf3 O-O 6.Bd3 
d5 7.O-O Bxc3 8.bxc3 dxc4 9.Bxc4 a6 10.Ba3 Qa5 
11.Bxc5 Rd8 12.Be7 Re8 13.Bxf6 gxf6 14.Qd2 Nc6 
15.a4 Kh8 16.e4 Rg8 17.h3 Rg7 18.Qe3 e5 19.d5 Ne7 
20.d6 Nc6 21.Kh2 Be6 22.Bxe6 fxe6 23.Rfd1 Rag8 
24.Ne1 f5 25.c4 fxe4 26.Qxe4 Qc5 27.Ra2 Nd4 28.Rb2 
b5 29.cxb5 axb5 0-1

[Event "HCL-B102"]
[Site "www.playchess.de"]
[Date "2001.04.04"]
[Round "2"]
[White "kherubim"]
[Black "Schwachspieler"]
[WhiteElo "1617"]
[BlackElo "1200"]
[PlyCount "27"]
[Result "1/2-1/2"]

1.d4 Nf6 2.c4 g6 3.Nc3 d5 4.Nf3 Bg7 5.Bg5 Ne4 
6.Bh4 Nxc3 7.bxc3 c5 8.e3 Qa5 9.Qd2 Nc6 10.cxd5 
cxd4 11.dxc6 dxe3 12.Qxe3 Qxc3+ 13.Ke2 Qc4+ 
14.Kd1 1/2-1/2

[Event "HCL-A043"]
[Site "www.playchess.de"]
[Date "2001.04.05"]
[Round "3"]
[White "Kanenda"]
[Black "Lacey"]
[WhiteElo "1600"]
[BlackElo "1779"]
[PlyCount "81"]
[Result "1-0"]

1.e4 c6 2.d4 d5 3.exd5 cxd5 4.c4 Nf6 5.c5 Nc6 
6.Nf3 g6 7.Nc3 Bg7 8.Be2 O-O 9.O-O Bf5 10.a3 a6 
11.b4 Re8 12.Bb2 e5 13.dxe5 Nxe5 14.Nxe5 Rxe5 
15.Bf3 Qc7 16.Na4 Ree8 17.Nb6 Rad8 18.Bxf6 Bxf6 
19.Nxd5 Qe5 20.Nxf6+ Qxf6 21.Qc1 Be4 22.Bxe4 Rxe4 
23.Ra2 Qd4 24.h3 Qd5 25.Rc2 f5 26.Re1 Rxe1+ 
27.Qxe1 Qd1 28.Re2 Qxe1+ 29.Rxe1 Kf7 30.Kf1 Rd2 
31.Re3 g5 32.Rc3 Rd7 33.Ke2 Re7+ 34.Kd2 Rd7+ 
35.Rd3 Rxd3+ 36.Kxd3 Ke6 37.Kd4 h5 38.a4 g4 39.h4 
f4 40.b5 g3 41.f3 1-0

[Event "HCL-B082"]
[Site "www.playchess.de"]
[Date "2001.04.05"]
[Round "3"]
[White "DTG007"]
[Black "Holte"]
[WhiteElo "956"]
[BlackElo "1200"]
[PlyCount "56"]
[Result "0-1"]

1.e4 d5 2.exd5 Qxd5 3.Nc3 Qd7 4.g3 e6 5.Bg2 Bb4 
6.a3 Bxc3 7.bxc3 Nf6 8.Rb1 O-O 9.Bxb7 Bxb7 10.Rxb7 
Qd5 11.Qf3 Qxf3 12.Nxf3 c6 13.O-O Nbd7 14.Rc7 Rfc8 
15.Rxc8+ Rxc8 16.d4 c5 17.Bd2 Ne4 18.Rc1 cxd4 
19.cxd4 Nxd2 20.Nxd2 Nf6 21.c4 Rd8 22.Nb3 Ne4 
23.c5 Rb8 24.f3 Rxb3 25.fxe4 Rxa3 26.c6 Rb3 27.c7 
g6 28.c8Q+ Kg7 0-1

[Event "HCL-B126"]
[Site "www.playchess.de"]
[Date "2001.04.05"]
[Round "13"]
[White "FreddyRick"]
[Black "Stephen21"]
[WhiteElo "1200"]
[BlackElo "1233"]
[PlyCount "60"]
[Result "0-1"]

1.Nf3 Nc6 2.d4 d5 3.Nc3 Bg4 4.Ne5 Nf6 5.f3 Bf5 
6.e4 dxe4 7.g4 Bg6 8.g5 Nh5 9.Bh3 exf3 10.Qxf3 
Nxd4 11.Qf2 Nxc2+ 12.Kf1 Nxa1 13.Bd7+ Qxd7 14.Nxd7 
Kxd7 15.b3 e6 16.Nb5 Nc2 17.Qd2+ Bd6 18.Kf2 Rhd8 
19.Rd1 Ke8 20.Bb2 Bg3+ 21.hxg3 Rxd2+ 22.Rxd2 Rd8 
23.Nxc7+ Kf8 24.Rxd8+ Ke7 25.Rd2 f6 26.gxf6+ gxf6 
27.Nb5 a6 28.Na7 e5 29.Nc8+ Ke6 30.g4 
Nf4 0-1

[Event "HCL-B140"]
[Site "www.playchess.de"]
[Date "2001.04.05"]
[Round "9"]
[White "SAROS"]
[Black "Binder"]
[WhiteElo "1372"]
[BlackElo "1387"]
[PlyCount "84"]
[Result "0-1"]

1.e4 c6 2.d4 d5 3.e5 Bf5 4.Ne2 e6 5.Ng3 Bg6 6.Bd3 
c5 7.Bxg6 hxg6 8.Be3 cxd4 9.Bxd4 f6 10.Nd2 Nc6 
11.Nf3 Qc7 12.exf6 gxf6 13.Qd3 Qf7 14.O-O-O O-O-O 
15.Qc3 Kb8 16.Qe1 Nxd4 17.Nxd4 e5 18.Nb3 Ne7 19.h3 
Bh6+ 20.Kb1 Rdc8 21.Ne2 d4 22.f3 Nf5 23.Qf1 Ne3 
24.Qg1 Nxd1 25.Qxd1 Rhd8 26.Qd3 Qc4 27.Nec1 Bxc1 
28.Rxc1 Qxd3 29.cxd3 Rxc1+ 30.Kxc1 b6 31.Nd2 b5 
32.Ne4 f5 33.Nf2 Kc7 34.Kd2 Kd6 35.Kc2 Rc8+ 36.Kd2 
a5 37.Nd1 b4 38.Nf2 Rh8 39.Kc2 a4 40.Nd1 g5 41.Nf2 
Rb8 42.Kd2 b3 0-1

[Event "HCL-B147"]
[Site "www.playchess.de"]
[Date "2001.04.05"]
[Round "2"]
[White "ggaarrii"]
[Black "dmitry"]
[WhiteElo "1392"]
[BlackElo "1370"]
[PlyCount "49"]
[Result "1-0"]

1.e4 e5 2.Nf3 Nc6 3.Bc4 Nf6 4.Ng5 Bc5 5.Bxf7+ Ke7 
6.Bd5 d6 7.Nf7 Qf8 8.d4 Nxd4 9.Nxh8 Be6 10.O-O 
Bxd5 11.exd5 Nxd5 12.c3 Nc6 13.Qxd5 Re8 14.Bg5+ 
Kd7 15.b4 Bb6 16.a4 a6 17.b5 Ne7 18.Bxe7 Rxe7 
19.Qxb7 Qxh8 20.bxa6 Qf8 21.a7 Rf7 22.Nd2 Rxf2 
23.Kh1 e4 24.a8Q {%}  Qf4 25.Qbc6+ 1-0

[Event "HCL-C133"]
[Site "www.playchess.de"]
[Date "2001.04.05"]
[Round "9"]
[White "Farmer"]
[Black "Hanbei"]
[WhiteElo "1000"]
[BlackElo "988"]
[PlyCount "149"]
[Result "1-0"]

1.e4 e5 2.Nf3 Nc6 3.Bb5 Nf6 4.Nc3 d6 5.d4 exd4 
6.Nxd4 Bd7 7.Bxc6 Bxc6 8.Nxc6 bxc6 9.Qf3 d5 10.Bg5 
Be7 11.exd5 cxd5 12.Bxf6 Bxf6 13.Nxd5 Bxb2 14.Qe4+ 
Kf8 15.Qb4+ Kg8 16.Qxb2 Qxd5 17.O-O h5 18.Rad1 Qc6 
19.Rd3 Rh6 20.Rg3 Rg6 21.Rxg6 Qxg6 22.Qb7 Re8 
23.Qxc7 Qa6 24.c4 Qxa2 25.c5 a5 26.c6 Qd2 27.h3 
Kf8 28.Qb7 Qb4 29.Rb1 Qxb7 30.cxb7 Rb8 31.Rb5 g6 
32.Kf1 a4 33.Ke2 a3 34.Kf3 Kg7 35.Ra5 Rxb7 36.Rxa3 
Rb4 37.g3 g5 38.Ra5 Kg6 39.Ra6+ f6 40.Ra3 h4 
41.gxh4 Rxh4 42.Kg3 Rd4 43.Ra8 Rd3+ 44.Kg2 Kf5 
45.Ra5+ Ke4 46.Ra4+ Rd4 47.Ra6 f5 48.Ra3 Kf4 
49.Rf3+ Ke5 50.Ra3 f4 51.Ra5+ Rd5 52.Rxd5+ Kxd5 
53.Kf3 Ke5 54.Kg4 Kf6 55.Kh5 Kf5 56.f3 Kf6 {There 
is no sense to continue....}  57.Kh6 Kf5 58.Kg7 g4 
{Tja da ist wohl doch kein Sieg mehr drin! Rechne 
nach und nimm das Remis}  59.hxg4+ Kg5 60.Kh7 Kh4 
61.Kh6 Kg3 62.g5 Kxf3 63.g6 Ke2 64.g7 f3 65.g8Q 
{%}  f2 {and remis :))}  66.Qc4+ Ke1 67.Qe4+ Kd2 
68.Qf3 Ke1 69.Qe3+ Kf1 70.Kh5 Kg2 71.Qe2 Kg1 
{tzfzvukiln09uu0opäm ,lö!!}  72.Qe3 Kg2 73.Qd2 Kg1 
{Take that damn draw!! You cannot win this game 
but you'll win the turnament with this draw!}  
74.Kg4 {sorry, it was draw indeed...}  f1Q {%}  
75.Kg3 1-0

[Event "HCL-C133"]
[Site "www.playchess.de"]
[Date "2001.04.05"]
[Round "10"]
[White "Edik"]
[Black "Farmer"]
[WhiteElo "1000"]
[BlackElo "1000"]
[PlyCount "72"]
[Result "0-1"]

1.e4 Nf6 2.e5 Nd5 3.d4 d6 4.Nf3 Bg4 5.Be2 e6 6.O-O 
Be7 7.c4 Nb6 8.h3 Bh5 9.exd6 cxd6 10.b3 O-O 11.Nc3 
Bf6 12.Be3 Nc6 13.Rc1 d5 14.c5 Bxf3 15.Bxf3 Nc8 
16.a3 N8e7 17.Bg4 g6 18.b4 h5 19.Be2 Nf5 20.g4 
hxg4 21.hxg4 Nfxd4 22.Kg2 Nxe2 23.Nxe2 d4 24.Bh6 
Re8 25.Rh1 e5 26.Ng3 e4 27.b5 Na5 28.f3 e3 29.Ne4 
Rxe4 30.fxe4 Qe7 31.Kf3 Re8 32.Qc2 Nb3 33.Bxe3 
dxe3 34.Qxb3 Qxe4+ 35.Ke2 Qg2+ 36.Kd3 
Qd2+ 0-1

[Event "HCL-C140"]
[Site "www.playchess.de"]
[Date "2001.04.05"]
[Round "20"]
[White "hun"]
[Black "ve7wln"]
[WhiteElo "1804"]
[BlackElo "1322"]
[PlyCount "74"]
[Result "0-1"]

1.e4 c5 2.Nc3 Nc6 3.Bc4 e6 4.Nf3 d6 5.d3 Nf6 6.Bg5 
Be7 7.O-O O-O 8.a3 a6 9.h3 Bd7 10.Kh1 h6 11.Bf4 b5 
12.Bb3 Na5 13.Ba2 Bc6 14.b4 Nb7 15.Bb3 e5 16.Bd2 
Kh8 17.Ne2 Nd7 18.Ng3 a5 19.Nf5 cxb4 20.Nxe7 Qxe7 
21.axb4 a4 {I will be slow the next few moves}  
22.Ba2 Nd8 23.c4 bxc4 24.Bxc4 Nb6 25.Ba2 Ne6 
26.Bxe6 Qxe6 27.Qc2 Rfc8 28.Bc3 Bb7 29.Rfd1 d5 
30.Qa2 Rxc3 31.Rac1 Rxc1 32.Rxc1 a3 33.Rc5 dxe4 
34.Qxe6 fxe6 35.dxe4 a2 36.Nxe5 a1Q+ {%}  37.Kh2 
{:)) - Gratuliere!  :)}  Qd4 0-1

[Event "HCL-E016"]
[Site "www.playchess.de"]
[Date "2001.04.05"]
[Round "7"]
[White "edwardchess"]
[Black "DKCozy"]
[WhiteElo "1947"]
[BlackElo "1751"]
[PlyCount "66"]
[Result "1/2-1/2"]

1.d4 d5 2.e3 c6 3.Bd3 Nf6 4.Nd2 Nbd7 5.f4 e6 
6.Ngf3 Be7 7.Ne5 O-O 8.O-O c5 9.c3 a6 10.Ndf3 {I 
decline the offer of a draw.  Regards,  Ed}  Qc7 
11.Nxd7 Bxd7 12.Ne5 Rac8 13.Rf3 Ne4 14.Rh3 f5 
15.Bxe4 dxe4 16.Qh5 h6 17.Ng6 Be8 18.Rg3 Kh7 
{somthing to think about !}  19.Nxf8+ Bxf8 20.Qe2 
cxd4 21.exd4 Bd6 22.Rh3 Bxf4 23.Bxf4 Qxf4 24.c4 
Qd6 25.Rd1 b5 26.c5 Qd5 27.b4 Bc6 28.a3 Rd8 29.Re1 
Qxd4+ 30.Qe3 Qe5 31.Qe2 Qd4+ 32.Qe3 Qf6 33.Qc1 
Qd4+ 1/2-1/2

[Event "HCL-M009"]
[Site "www.playchess.de"]
[Date "2001.04.05"]
[Round "2"]
[White "Bronislaw"]
[Black "cybermemere"]
[WhiteElo "2317"]
[BlackElo "2200"]
[PlyCount "53"]
[Result "1-0"]

1.e4 c5 2.Nf3 Nc6 3.d4 cxd4 4.Nxd4 e5 5.Nb5 d6 
6.c4 Be7 7.b3 Nf6 8.Bd3 Bg4 9.f3 Be6 10.Be3 O-O 
11.O-O Nh5 {You want to finish me in blitz, i see} 
 12.g3 {Like in the book !}  g6 13.N5c3 Bg5 14.Bf2 
Qa5 15.Be2 Ng7 16.Qxd6 Bh3 17.Rd1 Ne6 18.Rd5 Qa6 
19.b4 Be7 20.b5 Bxd6 21.bxa6 Bb4 22.axb7 Rab8 
23.Rb5 Ned4 24.Bxd4 Nxd4 25.Rxb4 Nc2 26.Nd5 Be6 
27.Rb2 1-0

[Event "ACL-A048"]
[Site "www.playchess.de"]
[Date "2001.04.05"]
[Round "22"]
[White "chrisg"]
[Black "BruceWillis"]
[WhiteElo "1717"]
[BlackElo "1500"]
[PlyCount "83"]
[Result "1-0"]

1.e4 c5 2.Nf3 Nc6 3.d4 cxd4 4.Nxd4 Nf6 5.Nc3 e5 
6.Ndb5 d6 7.Nd5 Nxd5 8.exd5 Nb8 9.c4 Be7 10.Be2 
O-O 11.O-O a6 12.Nc3 Nd7 13.Be3 f5 14.f3 Bg5 
15.Bf2 Rb8 16.Qc2 Nf6 17.c5 Kh8 18.Bd3 Nh5 19.Qb3 
dxc5 20.Bxc5 Be7 21.Bxe7 Qxe7 22.Bxa6 Qc5+ 23.Rf2 
Nf4 24.Rd1 Rf6 25.Qc4 Qd6 26.Bb5 Rg6 27.Rc2 Bd7 
28.Kf1 Rf8 29.Qa4 Bxb5+ 30.Nxb5 Qd8 31.d6 e4 32.d7 
Rc6 33.Rxc6 bxc6 34.Nc3 Qg5 35.Qc2 Nd3 36.Na4 Qf4 
37.Nc5 Qxh2 38.Nxd3 exd3 39.Rxd3 Qh1+ 40.Kf2 Qh4+ 
41.Ke2 Qe7+ 42.Kf1 1-0

[Event "ACL-A049"]
[Site "www.playchess.de"]
[Date "2001.04.05"]
[Round "5"]
[White "Tartan-Terror"]
[Black "Cruz"]
[WhiteElo "1500"]
[BlackElo "1500"]
[PlyCount "38"]
[Result "0-1"]

1.d4 c5 2.d5 Qa5+ 3.Nc3 Nh6 4.e4 b6 5.Bd2 a6 6.Nb5 
Qa4 7.Nc7+ Kd8 8.Nxa8 Qxe4+ 9.Qe2 Qxd5 10.Nxb6 Qb7 
11.Ba5 Ke8 12.Nf3 Nc6 13.Nxc8 Qxc8 14.Bc3 Nf5 
15.Qxa6 Qd8 16.Qa4 h5 17.O-O-O Rh6 18.Bb5 Nb8 
19.Ne5 Nd6 {go}  0-1

[Event "ACL-A049"]
[Site "www.playchess.de"]
[Date "2001.04.05"]
[Round "8"]
[White "Cruz"]
[Black "fadda"]
[WhiteElo "1500"]
[BlackElo "1500"]
[PlyCount "39"]
[Result "1-0"]

1.Nf3 Nc6 2.g4 e5 3.a4 d5 4.Nc3 e4 5.Nh4 Qxh4 6.d3 
Bc5 7.d4 Bxd4 8.Nxd5 Bxf2+ 9.Kd2 Qg5+ 10.e3 Qxd5+ 
11.Ke2 Qxd1+ 12.Kxd1 Bxg4+ 13.Kd2 O-O-O+ 14.Kc3 
Bf3 15.Bh3+ Kb8 16.Rf1 Bh4 17.Ra3 Bf6+ 18.Kb3 Nge7 
19.c3 Na5+ 20.Kc2 {go}  1-0

[Event "HCL-C154"]
[Site "www.playchess.de"]
[Date "2001.04.05"]
[Round "7"]
[White "Chill"]
[Black "Translightor"]
[WhiteElo "466"]
[BlackElo "885"]
[PlyCount "54"]
[Result "0-1"]

1.c4 e5 {Hello & Good Luck!}  2.Nc3 Nf6 3.g3 {Hi.} 
 c6 4.Bg2 d5 5.cxd5 cxd5 6.Qb3 Nc6 7.Nxd5 Nd4 
8.Nxf6+ Qxf6 9.Qa4+ {Out of my 30000 internet 
games, you are the first that played through this 
book line.}  Bd7 {ChessBase told me so! Usually I 
don't play 1.c4 e5, but 1.-Nf6 instead.}  10.Qd1 
{Dangit, I didn't realize (until now) that we're 
allowed to use databases.  I'm upset  :(}  Bc5 {A 
database is legal, like a chessbook. Programs are 
not allowed!}  11.e3 {Chess books aren't legal 
either in my book!  No prob.  :)}  Bc6 {Sorry to 
upset you, but we're playing correspondence chess, 
not over the board!}  12.Bxc6+ Nxc6 13.a3 {Not 
upset at you, but at me.  At least it was an 
opening I know intimately  :)}  O-O {Better than 
me. I doubt to have enough compensation for the 
pawn.}  14.Qf3 {That was the line Chessmaster 
always plays when I play 1c4.  Good luck.}  Qe6 
15.Ne2 e4 16.Qh5 Ne5 17.O-O Nf3+ 18.Kg2 f5 19.Nf4 
Qa6 20.g4 fxg4 21.Qxc5 Qh6 22.Qd5+ Kh8 23.Qh5 Qd6 
24.Qxg4 Rf6 25.d4 g5 26.Rh1 gxf4 27.Qh5 
Rg6+ 0-1

[Event "HCL-A068"]
[Site "www.playchess.de"]
[Date "2001.04.05"]
[Round "34"]
[White "kondor"]
[Black "stud"]
[WhiteElo "1622"]
[BlackElo "1180"]
[PlyCount "31"]
[Result "1-0"]

1.d4 Nf6 2.c4 e6 3.Nc3 c5 4.d5 d6 5.e4 Na6 {brent} 
 6.f4 Nc7 {are you not brent?}  7.Nf3 {?}  Be7 
{nevermin, i though u wee some1 else}  8.Be2 O-O 
9.O-O exd5 10.cxd5 a6 11.e5 dxe5 12.d6 Bxd6 
13.fxe5 Bxe5 14.Nxe5 Ne6 15.Qxd8 Rxd8 
16.Bf3 1-0

[Event "HCL-B161"]
[Site "www.playchess.de"]
[Date "2001.04.05"]
[Round "8"]
[White "ixix"]
[Black "lostpawn2000"]
[WhiteElo "1855"]
[BlackElo "1593"]
[PlyCount "49"]
[Result "1-0"]

1.c4 {Hello from New Jersey .. glad to be playing 
this game with you}  e6 {hello from cleveland ohio 
and gl to u   jerry}  2.g3 Nf6 3.Bg2 d5 4.Nf3 Be7 
5.O-O O-O 6.Qc2 c5 7.d4 Nc6 8.dxc5 Nb4 9.Qb3 a5 
10.Nc3 Bxc5 11.Na4 Be7 12.cxd5 Nfxd5 13.Rd1 Qc7 
14.e4 Nf6 15.Bf4 Qc2 16.Qxc2 Nxc2 17.Rac1 Nb4 
18.Nb6 Ra6 19.Nxc8 Ra8 20.Nxe7+ Kh8 21.a3 Na6 
22.e5 Ng4 23.h3 Nh6 24.Bxh6 gxh6 
25.Rd7 1-0

[Event "HCL-B163"]
[Site "www.playchess.de"]
[Date "2001.04.05"]
[Round "3"]
[White "rikkirich"]
[Black "Christopher"]
[WhiteElo "1417"]
[BlackElo "1117"]
[PlyCount "24"]
[Result "0-1"]

1.e4 e5 2.Nf3 Nf6 3.Nc3 Bb4 4.Bd3 O-O 5.Nb1 d5 
6.Qe2 Nc6 7.c3 dxe4 8.Bxe4 Nxe4 9.Qxe4 Bd6 10.O-O 
Qf6 11.d3 Bf5 12.Qe2 Rae8 0-1

[Event "HCL-C165"]
[Site "www.playchess.de"]
[Date "2001.04.05"]
[Round "21"]
[White "Elrond"]
[Black "carmenE"]
[WhiteElo "1500"]
[BlackElo "1000"]
[PlyCount "47"]
[Result "1/2-1/2"]

1.e4 e5 2.Nf3 f5 3.exf5 d6 4.d4 Bxf5 5.dxe5 Nc6 
6.Bb5 dxe5 7.Bxc6+ bxc6 8.Nxe5 Qxd1+ 9.Kxd1 Bc5 
10.f3 Rd8+ 11.Bd2 Ne7 12.Nc3 O-O 13.Re1 Bd4 14.Kc1 
Rd6 15.Nc4 Re6 16.Rxe6 Bxe6 17.Ne3 Re8 18.Ne4 Nf5 
19.Nxf5 Bxf5 20.c3 Be5 21.h3 Bxe4 22.fxe4 Bg3 
23.Be3 Rxe4 24.Kd2 {maybe you still win 
tournament. good luck and see you in B-Class} 
 1/2-1/2

[Event "HCL-B175"]
[Site "www.playchess.de"]
[Date "2001.04.05"]
[Round "8"]
[White "Gruhni"]
[Black "Binder"]
[WhiteElo "1364"]
[BlackElo "1386"]
[PlyCount "66"]
[Result "1/2-1/2"]

1.e4 e5 2.Nf3 Nf6 3.Bc4 Nxe4 4.d3 Nf6 5.Nxe5 d5 
6.Qe2 Be6 7.Bb3 Nbd7 8.Nxd7 Qxd7 9.Bg5 Be7 10.O-O 
O-O 11.Bxf6 Bxf6 12.c3 Rfe8 13.Qc2 d4 14.Nd2 Bg4 
15.Ne4 Qc6 16.Nxf6+ Qxf6 17.f3 Bh5 18.Rae1 dxc3 
19.bxc3 Bg6 20.Qd2 c5 21.Bd5 Rab8 22.Be4 b6 
23.Bxg6 hxg6 24.Rxe8+ Rxe8 25.Re1 Rxe1+ 26.Qxe1 
Qd8 27.Qe4 a5 28.a4 Qd7 29.Qc4 Qc6 30.Kf2 Qd6 
31.Qb5 Kf8 32.g3 Ke7 33.Qc4 Qd7 1/2-1/2

[Event "HCL-E024"]
[Site "www.playchess.de"]
[Date "2001.04.05"]
[Round "23"]
[White "KARFOPOULOS"]
[Black "Aetos"]
[WhiteElo "2350"]
[BlackElo "2000"]
[PlyCount "37"]
[Result "1-0"]

1.e4 {KALH TYXH. APO POU EISAI PATRIOTI?}  c6 {apo 
pagrati}  2.d4 {EGO APO DRAPETSONA}  d5 {eisai se 
silogo?ego eimai stin KAISARIANI}  3.e5 {Paliotera 
epaiza sto Glino ( exei dialithei),twra paizw gia 
to kefi sto diktio}  Bf5 {ok kali epitihia!}  4.g4 
Bg6 5.Ne2 e6 6.h4 h5 7.Nf4 c5 8.Nxg6 fxg6 9.Bd3 
Ne7 10.c3 cxd4 11.cxd4 Nbc6 12.Be3 Qb6 13.Nc3 Rc8 
14.a3 a5 15.Na4 Qc7 16.Nc5 Nxe5 17.dxe5 Qxe5 
18.Nxb7 Qxb2 19.Nd6+ 1-0

[Event "HCL-C190"]
[Site "www.playchess.de"]
[Date "2001.04.05"]
[Round "7"]
[White "Pietros"]
[Black "Lostcauz"]
[WhiteElo "1295"]
[BlackElo "1000"]
[PlyCount "27"]
[Result "1-0"]

1.e4 c5 2.Nf3 d6 3.Bc4 e6 4.d3 Nf6 5.Nc3 d5 6.exd5 
exd5 7.Bb5+ Bd7 8.O-O d4 9.Re1+ Be7 10.Bxd7+ Nbxd7 
11.Nb5 O-O 12.Bf4 Nd5 13.Bg3 Re8 
14.Ne5 1-0

[Event "HCL-A081"]
[Site "www.playchess.de"]
[Date "2001.04.05"]
[Round "18"]
[White "jmcerna"]
[Black "teenspirit"]
[WhiteElo "1700"]
[BlackElo "1722"]
[PlyCount "50"]
[Result "0-1"]

1.d4 {Hola teen}  Nf6 {Hola jm que tal?}  2.c4 
{Aqui estamos, lo mas bien.  Trabajando...}  g6 
{Bueno, igual que yo...con esta ventana minimizada 
para que no me vean ;)}  3.Nc3 Bg7 4.e4 d6 5.Bg5 
O-O 6.Qd2 c5 7.d5 Qa5 8.h4 h5 9.Bd3 a6 10.Nge2 
Nbd7 11.f4 Re8 12.O-O Rb8 13.Rae1 b5 14.f5 Ne5 
15.fxg6 fxg6 16.cxb5 axb5 17.Bb1 b4 18.Nd1 Bd7 
19.Bh6 Neg4 20.Bxg7 Kxg7 21.Qg5 Ne5 22.Ne3 Kh7 
23.Rxf6 exf6 24.Qxf6 b3 25.Rf1 
Qd2 0-1

[Event "HCL-A083"]
[Site "www.playchess.de"]
[Date "2001.04.05"]
[Round "6"]
[White "Mathew_Cooke"]
[Black "sazex"]
[WhiteElo "1700"]
[BlackElo "1859"]
[PlyCount "27"]
[Result "1-0"]

1.d4 {how are you good luck}  d5 {good luck you 
too}  2.Nf3 {thanks}  Nc6 3.e3 e6 4.Bd3 Nf6 5.Nbd2 
Nb4 6.Nb3 Nxd3+ 7.Qxd3 Bd6 8.O-O O-O 9.Re1 b6 
10.c4 dxc4 11.Qxc4 Bb7 12.Nfd2 Ng4 13.d5 Qh4 
14.h3 1-0

[Event "HCL-A081"]
[Site "www.playchess.de"]
[Date "2001.04.05"]
[Round "30"]
[White "paule"]
[Black "entefada"]
[WhiteElo "1960"]
[BlackElo "1700"]
[PlyCount "29"]
[Result "1-0"]

1.e4 a6 2.d4 b5 3.Bd3 Bb7 4.Nf3 e6 5.O-O Nf6 6.Qe2 
d6 7.Bg5 Be7 8.a4 b4 9.c3 a5 10.cxb4 axb4 11.Qc2 
h6 12.Bxf6 Bxf6 13.Rc1 c5 14.dxc5 O-O 
15.Rd1 1-0